In Deutschland heimische Tiere aus Animal Crossing - Statistiken

Allgemein
  • Dieses Quiz wurde 29 mal gespielt
  • Das Durchschnittsergebnis liegt bei 17 aus 74
Antwortstatistiken
Kategorie Vorkommen
(in AC)
Tier % Korrekt
Insekten in Bäumen Wespe
72%
Insekten fliegend an verdorbenen Rüben und Müll Fliege
64%
Insekten umher fliegend,nicht bei Regen Mücke
56%
Insekten auf Blumen, nicht bei Regen Marienkäfer
52%
Insekten auf Steinen und Büschen,nur bei Regen Schnecke
52%
Insekten bei Lichtquellen fliegend,nicht bei Regen Motte
48%
Fische Meer Seebarsch
48%
Insekten auf Nachbarn Floh
44%
Fische Teich Frosch
44%
Insekten in Bäumen Spinne
44%
Insekten nahe Blumen fliegend, nicht bei Regen Zitronenfalter
44%
Fische Fluss Flussbarsch
40%
Insekten nahe Blumen fliegend,nicht bei Regen Honigbiene
40%
Fische Fluss Karpfen
40%
Insekten nahe Blumen fliegend,nicht bei Regen Kohlweißling
36%
Fische Meer Flunder
32%
Fische Fluss Hecht
32%
Insekten an Bäumen und Palmen Hirschkäfer
32%
Fische Teich Kaulquappe
32%
Insekten an Schneebällen Mistkäfer
32%
Insekten auf dem Wasser Wasserläufer
32%
Insekten an verdorbenen Rüben, Bonbons und Lollis Ameisen
28%
Insekten auf Blumen,nicht bei Regen Gottesanbeterin
28%
Insekten am Boden,nicht bei Regen Grashüpfer
28%
Insekten am Boden,nicht bei Regen Grille
28%
Meerestiere / Hummer
28%
Insekten nahe Blumen fliegend, nicht bei Regen Schwalbenschwanz
28%
Fische Flussmündung Stör
28%
Insekten als Muschel getarnt am Strand Einsiedlerkrebs
24%
Insekten auf Stümpfen, nicht bei Regen Fichtenbock
24%
Fische Fluss Karausche
24%
Insekten unter Steinen Kugelassel
24%
Fische Meer Makrele
24%
Meerestiere / Seeanemone
24%
Meerestiere / Seeigel
24%
Fische Fluss Bitterling
20%
Insekten nahe Gewässern fliegend, nicht bei Regen Quelljungfer
20%
Insekten in Bäumen Sackträger
20%
Meerestiere / Seestern
20%
Fische Fluss Döbel
16%
Fische Fluss Hasel
16%
Insekten nahe Gewässern fliegend, nicht bei Regen Königslibelle
16%
Insekten im der Erde Maulwurfsgrille
16%
Meerestiere / Miesmuschel
16%
Insekten an Bäumen und Palmen Nashornkäfer
16%
Fische Meer Sardelle
16%
Meerestiere / Seegurke
16%
Fische Meer Seepferdchen
16%
Insekten nahe Gewässern fliegend,nicht bei Regen Feuerlibelle
12%
Fische Fluss Huchen
12%
Meerestiere / Kammmuschel
12%
Fische Meer Kliesche
12%
Meerestiere / Languste
12%
Meerestiere / Ohrenqualle
12%
Fische Fluss Saibling
12%
Insekten am Boden,nicht bei Regen Sandlaufkäfer
12%
Insekten auf dem Wasser Schwimmkäfer
12%
Insekten auf Blumen,nicht bei Regen Stinkwanze
12%
Fische Teich Flusskrebs
8%
Insekten unter Steinen Hundertfüßer
8%
Insekten nahe Gewässern fliegend, nicht bei Regen Leuchtkäfer
8%
Fische Meer Mondfisch
8%
Meerestiere / Oktopus
8%
Insekten auf Stümpfen,nicht bei Regen Prachtkäfer
8%
Fische Meer Rochen
8%
Meerestiere / Seepocke
8%
Insekten auf Stümpfen, nicht bei Regen Alpenbock
4%
Meerestiere / Auster
4%
Fische Fluss Bachschmerle
4%
Meerestiere / Nacktkiemer
4%
Meerestiere / Turbanschnecke
4%
Insekten nahe Gewässern fliegend, nicht bei Regen Wasserjungfer
4%
Insekten an Bäumen Zikadenlarvenhaut
4%
Meerestiere / Scotoplanes
0%
Keine übereinstimmenden Quizze gefunden
Verteilung der Resultate
Anzahl Personen mit jedem Resultat
Perzentil nach korrekt beantworteten Fragen
Ihre Resultats-Entwicklung
Sie haben dieses Quiz noch nicht gespielt